| 000 | 00953cam a2200265 4500 | ||
|---|---|---|---|
| 001 | J109913 | ||
| 008 | 000000n1998 000 0 eng u | ||
| 035 | _a(Sirsi) u109913 | ||
| 050 | _a333.332 | ||
| 100 | _aMorgan, John, Francis, William | ||
| 245 | 4 | _aThe natural history of professionalisation and its relevance to differences in valuation methodology and practice in the United Kingdom and Germany. (2 volumes) | |
| 260 |
_aReading _University of Reading _c1998 |
||
| 300 | _a2 vol. ; 20cm. | ||
| 520 | _aThesis submitted for the degree of philosophy. Volume 1 - text Volume 2 Bibliography and appendicies. | ||
| 650 | _aGERMANY | ||
| 650 |
_aValuation _96273 |
||
| 650 | _aREAL ESTATE VALUATION | ||
| 650 | _aRICS APPRAISAL AND VALUATION MANUAL | ||
| 650 | _aEUROPE | ||
| 650 | _aPROFESSIONALISM | ||
| 650 | _aSTANDARDS AND PRACTICE | ||
| 650 | _aSURVEYING | ||
| 690 | _aPROPERTY-PROPERTY APPRAISAL AND VALUATION | ||
| 942 | _n0 | ||
| 999 |
_c101024 _d101024 |
||